Dwarfs in ancient Egypt and Greece

Αποθηκεύτηκε σε:
Λεπτομέρειες βιβλιογραφικής εγγραφής
Κύριος συγγραφέας: Dasen, Veronique
Μορφή: Βιβλίο
Γλώσσα:English
Δημοσίευση: Oxford : Clarendon Press, 1993
Σειρά:Oxford monographs on classical archaeology
Θέματα:
Ετικέτες: Προσθήκη ετικέτας
Δεν υπάρχουν, Καταχωρήστε ετικέτα πρώτοι!

MARC

LEADER 00000nam a2200000 i 4500
001 1/23709
008 981126s1993 eng d
020 |a 0-19-814699-X 
035 |l 10036921 
040 |a GR-MY-UA  |b gre  |e aacr 
041 0 |a eng 
082 0 |a 573.8 
100 1 |a Dasen, Veronique. 
245 1 0 |a Dwarfs in ancient Egypt and Greece /  |c Veronique Dasen 
260 |a Oxford :   |b Clarendon Press,   |c 1993 
300 |a 354,80 p. 
490 1 |a Oxford monographs on classical archaeology 
504 |a Includes bibliographical references and index 
650 0 0 |a Dwarfs. 
650 0 0 |a Paleopedology. 
650 0 0 |a Dwarfs  |z Egypt  |x History. 
650 0 0 |a Dwarfs  |z Greece  |x History. 
650 0 0 |a Dwarfs in art. 
651 0 |a Egypt  |x Antiquities. 
651 0 |a Greece  |x Antiquities. 
830 0 |a Oxford monographs on classical archaeology 
852 |a INST  |b LESVOS  |e 19981126  |h 573.8 DAS  |p 005100018018  |q 005100018018  |t BK  |y 0 
901 |a BIBL-1998-3 
909 |a Λ  |b 059825 
922 |a 1ΕΛΗ  |b 199810  |c ΚΠΣ/ΤΚΑ  |d ΠΑΠΑΣΩΤΗΡΙΟΥ 
950 |a 117-1998-07-08